Personaggi della guerra di Troia - Statistics

Statistiche generali
  • Questo quiz è stato fatto 342 volte
  • Il punteggio medio è 18 su 27
Statistiche sulle risposte
Indizio Personaggio % Corretto
Più forte di tutti i guerrieri, comandante dei mirmidoni e semidio, vulnerabile solo nel tallone, uccisore di (16) e poi ucciso da (19) Achille 5
98%
Moglie del precedente, il suo rapimento scatenò la guerra Elena 4
94%
Re di Micene, comandante dell'esercito greco Agamennone 1
93%
Principe troiano, secondo solo a (5) come guerriero, uccisore di (6) e poi a sua volta ucciso da (5) Ettore 16
93%
Re di Itaca, dotato di straordinaria intelligenza, escogitò lo stratagemma del cavallo, che consentì ai greci di vincere la guerra. Dopo la caduta di Troia, peregrinò per dieci anni per il mare, prima di riuscire a tornare a casa Odisseo 12
92%
Dio del mare, alleato dei greci durante la guerra Poseidone 14
89%
Principe troiano, fratello di (16) e autore del rapimento di (4) Paride 19
88%
Dea della saggezza, protettrice dei greci e soprattutto di (12) Atena 13
87%
Fratello di (1), re di Sparta e marito della seguente Menelao 3
86%
Dea della bellezza, madre di (22) e protettrice di (19), alleata dei troiani Afrodite 27
85%
Dio della guerra, alleato dei troiani Ares 26
84%
Grande amico del precedente, che dopo la sua morte torna in battaglia dopo un periodo di assenza Patroclo 6
84%
Dea del matrimonio, regina dell'olimpo, implacabile nemica di Troia e soprattutto di (19) Era 15
80%
Dio delle arti, protettore dei troiani e causa di una terribile pestilenza che colpì il campo greco Apollo 25
74%
Principe dei Dardani, secondo solo a (16) nello schieramento troiano. Figlio di (27), dopo la caduta di Troia fugge per mare con altri sopravvissuti, fino ad approdare nel Lazio Enea 22
73%
Anziano re di Troia, padre di (16) e (19) Priamo 20
70%
Moglie del precedente, schiavizzata da Neottolemo dopo la guerra Andromaca 17
55%
Sacerdotessa troiana, fatta schiava da (5) e poi richiesta da (1), evento scatenante l'ira di (5) Briseide 24
55%
Arrogante principe della Locride, nella notte della caduta di Troia violentò Cassandra nel tempio di (13), attirando le ire della dea su tutti i greci Aiace d'Oileo 8
46%
Il più alto tra i guerrieri greci, dotato di grande forza e armato di ascia; morto suicida per la vergogna dopo aver massacrato delle pecore, in preda alla follia Aiace Telamonio 9
46%
Figlia del precedente, sacrificata a Artemide per consentire la partenza delle navi greche Ifigenia 2
39%
Moglie del precedente e madre di (16) e (19), alla nascita di (19) aveva sognato le sciagure che il figlio avrebbe causato alla città e lo aveva abbandonato sui monti Ecuba 21
37%
Sacerdote troiano che, dopo aver suggerito di ardere il cavallo, viene ucciso da due serpenti usciti dal mare Laocoonte 23
37%
Figlio dei precedenti, ucciso ancora infante nella notte della caduta di Troia Astianatte 18
35%
Re di Argo, più forte dei guerrieri greci dopo (5), spesso protagonista di azioni azzardate in coppia con (12) Diomede 7
29%
Re di Pilo, il più anziano dei comandanti greci, ma estremamente saggio e valoroso Nestore 11
24%
Re di Creta, partecipante alla guerra con ottanta navi. Al ritorno in patria trovò il suo trono usurpato, e decise di migrare verso l'Italia Idomeneo 10
9%
Nessun quiz corrispondente trovato
Distribuzione punteggi
Percentuale di utenti per punteggio
Percentile per numero di risposta
I tuoi punteggi nel tempo
Non hai fatto questo quiz